Macmillan reading program : connections / (Record no. 13804)

000 -LEADER
fixed length control field 01016cam a2200361Ia 4500
020 ## - INTERNATIONAL STANDARD BOOK NUMBER
ISBN 0021749108 (v. 1)
020 ## - INTERNATIONAL STANDARD BOOK NUMBER
ISBN 0021749205 (v. 2)
020 ## - INTERNATIONAL STANDARD BOOK NUMBER
ISBN 0021749302 (v. 3)
020 ## - INTERNATIONAL STANDARD BOOK NUMBER
ISBN 002174940X (v. 4)
020 ## - INTERNATIONAL STANDARD BOOK NUMBER
ISBN 0021749507 (v. 5)
020 ## - INTERNATIONAL STANDARD BOOK NUMBER
ISBN 0021748004 (v. 6)
020 ## - INTERNATIONAL STANDARD BOOK NUMBER
ISBN 0021748101 (v. 7)
020 ## - INTERNATIONAL STANDARD BOOK NUMBER
ISBN 0021748209 (v. 8)
020 ## - INTERNATIONAL STANDARD BOOK NUMBER
ISBN 0021780501 (v. 9)
020 ## - INTERNATIONAL STANDARD BOOK NUMBER
ISBN 0021748403 (v. 10)
020 ## - INTERNATIONAL STANDARD BOOK NUMBER
ISBN 0021748500 (v. 11)
020 ## - INTERNATIONAL STANDARD BOOK NUMBER
ISBN 0021748608 (v. 12)
020 ## - INTERNATIONAL STANDARD BOOK NUMBER
ISBN 0021748705 (v. 13)
020 ## - INTERNATIONAL STANDARD BOOK NUMBER
ISBN 0021748802 (v. 14)
020 ## - INTERNATIONAL STANDARD BOOK NUMBER
ISBN 002174890X (v. 15)
020 ## - INTERNATIONAL STANDARD BOOK NUMBER
ISBN 0021749000 (v. 16)
040 ## - CATALOGING SOURCE
Transcribing agency IAF
082 ## - DEWEY DECIMAL CLASSIFICATION NUMBER
Classification number 372 MAC 1989 A010 Or.
100 1# - MAIN ENTRY--AUTHOR NAME
Personal name Arnold, Virginia A
245 10 - TITLE STATEMENT
Title Macmillan reading program : connections /
260 ## - PUBLICATION, DISTRIBUTION, ETC. (IMPRINT)
Place of publication New York :
Name of publisher Macmillan,
Year of publication 1989
300 ## - PHYSICAL DESCRIPTION
Number of Pages 16 v. :
Other physical details ill. ;
Dimensions 29 cm
650 #0 - SUBJECT ADDED ENTRY--TOPICAL TERM
Topical Term Reading (Elementary)
650 #0 - SUBJECT ADDED ENTRY--TOPICAL TERM
Topical Term Readers (Elementary)
700 1# - ADDED ENTRY--PERSONAL NAME
Personal name Smith, Carl Bernard
710 2# - ADDED ENTRY--CORPORATE NAME
Corporate name or jurisdiction name as entry element Macmillan Publishing Company
942 ## - ADDED ENTRY ELEMENTS (KOHA)
Koha item type សៀវភៅភាសាអង់គ្លេស
952 ## - LOCATION AND ITEM INFORMATION (KOHA)
Withdrawn status [LOCAL, KOHA] 0
Holdings
Permanent Location Date acquired Koha item type Lost status Shelving location Barcode Current Location Full call number
Library Block A2017-08-31សៀវភៅភាសាអង់គ្លេស A010A15972Library Block A372 MAC 1989 A010 Or.
មជ្ឈមណ្ឌលឯការនៃសាកលវិទ្យាល័យភូមិន្ទកសិកម្មចំការដូង

Powered by Koha